000 00531nam a2200181Ia 4500
999 _c21051
_d21051
003 OSt
005 20200624142556.0
008 190216s9999||||xx |||||||||||||| ||und||
020 _a9788178240947
040 _coclc
082 _a954.0072
_bCHA/H
100 _a Chatterjee, Partha
_92559
245 0 _aHistory And The Present /
_cPartha Chatterjee ; Anjan Ghosh
260 _bPermanent Black,
_aDelhi:
_c2006.
300 _a273p
650 _aHistory
942 _cBK
_2ddc
_h954.0072
_iCHA/H
_k954.0072
_mCHA/H